Etnocentrizmus a rola krajiny pôvodu v spotrebiteľskom správaní dizertačná práca

Gespeichert in:
Bibliographische Detailangaben
1. Verfasser: Čvirik, Marián, 1992-
Körperschaft: Obchodná fakulta EU. Katedra marketingu
Weitere Verfasser: Lesáková, Dagmar, 1949-
Format: Buch
Sprache:Slowakisch
Veröffentlicht: Bratislava 2020
Schlagworte:
Tags: Tag hinzufügen
Keine Tags, Fügen Sie das erste Tag hinzu!

MARC

LEADER 00000nbm a2200000 4500
001 0267173
005 20230302102221.0
041 0 |a slo 
044 |a SK 
245 1 0 |a Etnocentrizmus a rola krajiny pôvodu v spotrebiteľskom správaní  |b dizertačná práca  |c Marián Čvirik ; školiteľ: Dagmar Lesáková 
264 1 |a Bratislava  |c 2020 
300 |a 144 s. 
610 2 0 |a pôvod tovaru 
610 2 0 |a správanie spotrebiteľa 
610 2 0 |a rozhodovanie nákupné 
610 2 0 |a stratégia obchodná 
610 2 0 |a komunikácia marketingová 
100 1 |a Čvirik, Marián, 1992- 
700 1 |a Lesáková, Dagmar, 1949- 
710 2 |a Obchodná fakulta EU. Katedra marketingu